01094nam a2200289Ia 4500001001200000003000800012006001900020007001500039008004100054020001800095040002100113035002100134050002400155082001600179100001700195245007700212250001200289260004700301300002400348500002000372533015200392650004800544650004000592655002900632710001700661856012600678ebr10437313CaPaEBRm u cr cn|||||||||940214s2010 mdua s 001 0 eng d z9781442206564 aCaPaEBRcCaPaEBR a(OCoLC)69843132014aLB2846b.R33 2010eb04a370/.212201 aRavid, Ruth.10aPractical statistics for educatorsh[electronic resource] /cRuth Ravid. a4th ed. aLanham, MD :bRowman & Littlefield,c2010. axvi, 256 p. :bill. aIncludes index. aElectronic reproduction.bPalo Alto, Calif. :cebrary,d2011.nAvailable via World Wide Web.nAccess may be limited to ebrary affiliated libraries. 0aEducational statisticsxStudy and teaching. 0aEducational tests and measurements. 7aElectronic books.2local2 aebrary, Inc.40uhttp://site.ebrary.com/lib/rucke/Doc?id=10437313zAn electronic book accessible through the World Wide Web; click to view